Invocations : The poetry and prose of Gwendolyn Mackwen

Enregistré dans:
Détails bibliographiques
Auteur principal: Bartley, Jean
Format: Livre
Langue:Undetermined
Publié: Vancouver, Canadá University of British Columbia Press 1983
Sujets:
Tags: Ajouter un tag
Pas de tags, Soyez le premier à ajouter un tag!

MARC

LEADER 00000nam a2200000Ia 4500
008 170316s9999 xx 000 0 und d
040 |a cru BVZT 
090 |a 818 B-1i 
100 |a Bartley, Jean 
245 |a Invocations : The poetry and prose of Gwendolyn Mackwen 
260 |a Vancouver, Canadá 
260 |b University of British Columbia Press 
260 |c 1983 
300 |a 113 páginas 
650 |a LITERATURA CANADIENSE 
999 |c 6359  |d 6359 
942 |c 15 D  |h 818 B-1i  |2 z